| 000 | 00679nam a2200277Ia 4500 | ||
|---|---|---|---|
| 003 | OSt | ||
| 005 | 20220918163612.0 | ||
| 006 | a|||||r|||| 00| 0 | ||
| 007 | ta | ||
| 008 | 220917b |||||||| |||| 00| 0 eng d | ||
| 020 | _a0194371530 | ||
| 024 | _a9,323 | ||
| 037 | _cTextual | ||
| 040 |
_aARTS _cARTS _beng |
||
| 041 |
_2eng _aeng |
||
| 082 | _aP, M91 | ||
| 100 |
_aHalliday M A K _914133 |
||
| 245 | 0 | _aSpoken and written language | |
| 250 | _a2nd | ||
| 260 |
_aOxford _bO U P _c1989 |
||
| 300 |
_axv,109p _ccm. |
||
| 490 | _aLanguage education | ||
| 650 | _aLINGUISTICS | ||
| 942 |
_hP, M91 _cTEXL _2CC |
||
| 999 |
_c120388 _d120388 |
||